[Event "LSS CP-2008-P-00072"]
[Site "LSS email"]
[Date "2008.10.01"]
[Round "?"]
[White "Davidson, Eric"]
[Black "Taylor, Doug"]
[Result "1-0"]
[WhiteElo "1616"]
[BlackElo "694"]
[PlyCount "45"]
[EventDate "2008.10.01"]
[EventType "tourn (corr)"]
[EventRounds "6"]
[EventCountry "GER"]
[SourceTitle "Corr 2011"]
[Source "ChessBase"]
[SourceDate "2010.08.31"]
[SourceVersion "1"]
[SourceVersionDate "2010.08.31"]
[SourceQuality "1"]

1. e4 e5 2. Nf3 Nc6 3. d4 Nf6 4. dxe5 Nxe4 5. Bd3 Nc5 6. 0-0 d6 7. Re1 Nxe5 8. Nxe5 dxe5 9. Rxe5+ Be6 10. Nc3 Bd6 11. Re1 0-0 12. Ne4 f5 13. Nxc5 Bxc5 14. Rxe6 Qh4 15. Qf3 Rae8 16. g3 Qg4 17. Qxg4 fxg4 18. Rxe8 Rxe8 19. Bd2 Rf8 20. Be3 b6 21. Bxc5 bxc5 22. Re1 a5 23. Re5 1-0

[Event "LSS CP-2008-P-00072"]
[Site "LSS email"]
[Date "2008.10.01"]
[Round "?"]
[White "Taylor, Doug"]
[Black "Fuhrwerk, Klaus"]
[Result "0-1"]
[WhiteElo "694"]
[BlackElo "2249"]
[PlyCount "48"]
[EventDate "2008.10.01"]
[EventType "tourn (corr)"]
[EventRounds "6"]
[EventCountry "GER"]
[SourceTitle "Corr 2022"]
[Source "ChessBase"]
[SourceDate "2021.10.24"]
[SourceVersion "1"]
[SourceVersionDate "2021.10.24"]
[SourceQuality "1"]

1. e4 c5 2. Nf3 d6 3. Nc3 Nc6 4. Bb5 e5 5. d3 Nf6 6. Bg5 Be7 7. Bxf6 Bxf6 8. Nd5 0-0 9. Bxc6 bxc6 10. Nxf6+ Qxf6 11. c4 Rb8 12. b3 Bg4 13. h3 Bd7 14. 0-0 Qg6 15. g4 h5 16. Nh4 Qg5 17. Nf3 Qh6 18. a4 hxg4 19. d4 gxf3 20. Qxf3 cxd4 21. Qg3 Bxh3 22. Rfd1 f5 23. exf5 Rxf5 24. Ra2 Rg5 0-1

[Event "LSS RN-2008-0-00145"]
[Site "LSS email"]
[Date "2008.07.29"]
[Round "?"]
[White "Pehl, Ferenc"]
[Black "Taylor, Doug"]
[Result "1-0"]
[WhiteElo "841"]
[BlackElo "657"]
[PlyCount "83"]
[EventDate "2008.07.18"]
[EventType "tourn (corr)"]
[EventRounds "6"]
[EventCountry "GER"]
[SourceTitle "Corr 2015"]
[Source "ChessBase"]
[SourceDate "2015.07.17"]
[SourceVersion "1"]
[SourceVersionDate "2015.07.17"]
[SourceQuality "1"]

1. e4 e5 2. Nf3 Nc6 3. Bc4 Nf6 4. Nc3 Bb4 5. Ng5 Nxe4 6. Nxf7 Qf6 7. Nxe4 Qg6 8. Qf3 Rf8 9. 0-0 d5 10. Bxd5 Be6 11. Bxc6+ bxc6 12. Nxe5 Rxf3 13. Nxg6 Rf5 14. Nh4 Rf8 15. c3 Be7 16. Nf3 Rd8 17. d4 Bd5 18. Re1 Rd7 19. Nc5 Rd6 20. Nb7 Re6 21. Rxe6 Bxe6 22. Na5 Bd5 23. Ne5 c5 24. Be3 cxd4 25. Bxd4 Rf6 26. Nec6 Re6 27. Nxe7 Bxa2 28. Nec6 a6 29. h3 Bd5 30. Nb4 Be4 31. Nb3 Bf5 32. Kf1 Kf7 33. Rxa6 Rxa6 34. Nxa6 Bd3+ 35. Ke1 Bxa6 36. g3 Bc8 37. h4 Bg4 38. Kd2 c6 39. Na5 Bd7 40. Nc4 g6 41. Ne5+ Ke6 42. Nxd7 1-0

[Event "IECG TE.2006.P.02224 email"]
[Site "IECG email"]
[Date "2006.06.19"]
[Round "?"]
[White "Borst, John"]
[Black "Taylor, Doug"]
[Result "0-1"]
[WhiteElo "1963"]
[BlackElo "1000"]
[PlyCount "22"]
[EventDate "2006.06.19"]
[EventType "tourn (corr)"]
[EventRounds "12"]
[SourceTitle "Corr 2024"]
[Source "ChessBase"]
[SourceDate "2023.10.19"]
[SourceVersion "1"]
[SourceVersionDate "2023.10.19"]
[SourceQuality "1"]

1. d4 f5 2. e4 fxe4 3. Nc3 Nf6 4. Bg5 d5 5. Bxf6 exf6 6. Qh5+ g6 7. Qxd5 Bf5 8. Qxb7 Nd7 9. Bb5 Bd6 10. Nxe4 a6 11. Nxf6+ Kf7 0-1

[Event "IECG TE.2006.P.02224 email"]
[Site "IECG email"]
[Date "2006.06.19"]
[Round "?"]
[White "Willoughby, Peter"]
[Black "Taylor, Doug"]
[Result "1-0"]
[WhiteElo "1741"]
[BlackElo "1000"]
[PlyCount "67"]
[EventDate "2006.06.19"]
[EventType "tourn (corr)"]
[EventRounds "12"]
[SourceTitle "Corr 2024"]
[Source "ChessBase"]
[SourceDate "2023.10.19"]
[SourceVersion "1"]
[SourceVersionDate "2023.10.19"]
[SourceQuality "1"]

1. d4 f5 2. e4 fxe4 3. Nc3 Nf6 4. Bg5 d5 5. Bxf6 exf6 6. Qh5+ g6 7. Qxd5 Bb4 8. 0-0-0 Bxc3 9. Qxe4+ Qe7 10. Qxe7+ Kxe7 11. bxc3 Nc6 12. Nf3 Bf5 13. Bd3 Rhe8 14. Bxf5 gxf5 15. Kd2 Kf8 16. Rb1 b6 17. Rhe1 Rad8 18. Rxe8+ Rxe8 19. c4 h5 20. h4 a5 21. Rb5 Nb4 22. Rxf5 Kf7 23. a3 Nc6 24. Rxh5 Rg8 25. Rh7+ Rg7 26. Rxg7+ Kxg7 27. d5 Ne7 28. Nd4 Kf7 29. h5 Nc8 30. Nb5 Nd6 31. Nxd6+ cxd6 32. Ke3 f5 33. Kf4 Kf6 34. a4 1-0

[Event "IECG QF.2006.0.00075"]
[Site "IECG email"]
[Date "2006.02.24"]
[Round "?"]
[White "Williams, Derek"]
[Black "Taylor, Doug"]
[Result "1-0"]
[WhiteElo "1126"]
[BlackElo "1000"]
[PlyCount "63"]
[EventDate "2006.02.24"]
[EventType "tourn (corr)"]
[EventRounds "6"]
[SourceTitle "Corr 2008"]
[Source "ChessBase"]
[SourceDate "2008.06.24"]
[SourceVersion "1"]
[SourceVersionDate "2008.06.24"]
[SourceQuality "1"]

1. Nc3 d5 2. d4 Nf6 3. Nf3 Nc6 4. e3 Bg4 5. h3 Bxf3 6. Qxf3 e5 7. Bb5 e4 8. Qf5 a6 9. Bxc6+ bxc6 10. 0-0 c5 11. Qe5+ Qe7 12. Rd1 c6 13. Qf4 Nh5 14. Qg4 g6 15. dxc5 f5 16. Qe2 Qxc5 17. Qd2 Bd6 18. Na4 Qa7 19. Qc3 Rc8 20. Qxh8+ Bf8 21. c4 Qg7 22. Qxg7 Bxg7 23. cxd5 Rd8 24. Nc5 Ke7 25. Nxa6 cxd5 26. Nc7 Nf6 27. a4 g5 28. a5 Nd7 29. Nxd5+ Ke8 30. a6 f4 31. exf4 gxf4 32. a7 1-0